Normal view
MARC view
Entry Genre/Form Term
001 - CONTROL NUMBER
- control field: 19924
003 - CONTROL NUMBER IDENTIFIER
- control field: ARRUPE
005 - DATE AND TIME OF LATEST TRANSACTION
- control field: 20150915121834.0
008 - FIXED-LENGTH DATA ELEMENTS
- fixed length control field: 150915|| aca||aabn | a|a d
040 ## - CATALOGING SOURCE
- Original cataloging agency: ARRUPE
- Transcribing agency: ARRUPE
155 ## - HEADING--GENRE/FORM TERM
- Genre/form term: Electronic books.
670 ## - SOURCE DATA FOUND
- Source citation: Work cat.: (ARRUPE)123211: Mayo, Deborah G. 19238, Error and the growth of experimental knowledge, 1996.